000 00376nam a2200157Ia 4500
008 231221s9999 xx 000 0 und d
041 _aEnglish
082 _a001.6424C PRA1;1 R
100 _aPrata, Stephen.
245 0 _aC++ primer plus
250 _a4th ed.
260 _c2002
_bPearson
_aNew Delhi
300 _axxi+1098
650 _aC++,primer,plus
942 _cBC
999 _c201950
_d201950